LEADER 00908nam0-2200313li-450 001 990000147080203316 005 20180312154653.0 035 $a0014708 035 $aUSA010014708 035 $a(ALEPH)000014708USA01 035 $a0014708 100 $a20001109d1983----km-y0itay0103----ba 101 0 $aeng 102 $aUS 200 1 $aDiscrete mathematics for computer scientists$fJoe L. Mott 700 1$aMott,$bJoe L.$0746189 702 1$aBaker,$bTheodore P. 702 1$aKandel,$bAbraham 801 $aSistema bibliotecario di Ateneo dell' Universitą di Salerno$gRICA 912 $a990000147080203316 951 $a511.6 MOT$b0019493 959 $aBK 969 $aSCI 979 $c19910211 979 $c20001110$lUSA01$h1712 979 $c20020403$lUSA01$h1622 979 $aPATRY$b90$c20040406$lUSA01$h1611 996 $aDiscrete mathematics for computer scientists$91489143 997 $aUNISA LEADER 04673oam 22005774a 450 001 9910794753903321 005 20170922081549.0 010 $a1-4214-2288-3 035 $a(CKB)4340000000188732 035 $a(MiAaPQ)EBC4862710 035 $a(OCoLC)1002109202 035 $a(MdBmJHUP)muse60479 035 $a(EXLCZ)994340000000188732 100 $a20160921d2017 uy 0 101 0 $aeng 135 $aurcnu|||||||| 181 $2rdacontent 182 $2rdamedia 183 $2rdacarrier 200 10$aBurdens of War$eCreating the United States Veterans Health System /$fJessica L. Adler 210 1$aBaltimore :$cJohns Hopkins University Press,$d[2017] 210 3$aBaltimore, Md. :$cProject MUSE, $d2017 210 4$d©[2017] 215 $a1 online resource (368 pages) $cillustrations, maps 311 $a1-4214-2287-5 320 $aIncludes bibliographical references and index. 327 $aIntroduction - a solemn obligation: war, and federally sponsored health care vi -- An extra-hazardous occupation: preparing for the health outcomes of war -- A stupendous task: dynamics and challenges of domestic military health care -- War was hell but the after-war effects were 'heller': an Army responsibility becomes a societal obligation -- The debt we owe them: advocating, funding, and planning for veterans' health Care -- One of the epochs of veteran relief: creating and growing the Veterans' Bureau and its hospitals -- The scope of the scheme is widened: experiencing and entrenching a federal health system -- State medicine: enduring under fire -- Conclusion: A huge policy success story? The legacy of Great War health policy. 330 $a"During and after World War I, policy makers, soldiers, and veterans laid the groundwork for the extension of government-sponsored medical care to millions of former service members. In the process, they built a pillar of the American welfare state. Legislation and rehabilitation plans formulated shortly after the U.S. entered the Great War aimed to minimize the government's long-term obligations to veterans, but within a decade, those who had served gained conditional access to their own direct assistance agency and a national system of hospitals. Burdens of War explains why that drastic transition occurred, and how one group of citizens won the right to obtain publicly funded health services. The story of the early roots of service-related health policies has a variety of larger implications. It shows how veterans' welfare shifted from centering on pension and domicile care programs rooted in the nineteenth century to the provision of access to direct medical services; how shifting ideals about hospitals and medical care influenced policy at the dusk of the Progressive Era; how race, class, and gender shaped the health-related experiences of soldiers, veterans, and caregivers; and how interest groups capitalized on a tense political and social climate to bring about change. On a general level, an examination of the roots of a nationwide veterans' hospital system demonstrates how privileges were won in the twentieth-century United States. It reveals a moment of state expansion, but also illustrates the wider tendency of the U.S. government to award entitlements selectively. The policies that paved the way for the advent of a veterans' medical system thus deserve to be considered as foundational in the development and shape of the American welfare state."--Provided by publisher. 606 $aMedical policy$zUnited States$xHistory$y20th century 606 $aVeterans$xServices for$zUnited States$xHistory$y20th century 606 $aVeterans' hospitals$zUnited States$xHistory$y20th century 606 $aDisabled veterans$xRehabilitation$zUnited States$xHistory$y20th century 606 $aWorld War, 1914-1918$xVeterans$xMedical care$zUnited States$xHistory$y20th century 606 $aWorld War, 1914-1918$xMedical care$zUnited States 606 $aVeterans$xMedical care$zUnited States$xHistory$y20th century 608 $aElectronic books. 615 0$aMedical policy$xHistory 615 0$aVeterans$xServices for$xHistory 615 0$aVeterans' hospitals$xHistory 615 0$aDisabled veterans$xRehabilitation$xHistory 615 0$aWorld War, 1914-1918$xVeterans$xMedical care$xHistory 615 0$aWorld War, 1914-1918$xMedical care 615 0$aVeterans$xMedical care$xHistory 676 $a362.1086/970973 700 $aAdler$b Jessica L.$f1978-$01547075 801 0$bMdBmJHUP 801 1$bMdBmJHUP 906 $aBOOK 912 $a9910794753903321 996 $aBurdens of War$93803126 997 $aUNINA LEADER 01278nas 2200445 c 450 001 9910893853903321 005 20260218112439.0 024 7 $aurn:nbn:de:bsz:21-dt-109754 035 $a(CKB)5280000000201915 035 $a(DE-599)ZDB2850709-5 035 $a(DE-101)1093875682 035 $a(DE-599)2850709-5 035 $a(EXLCZ)995280000000201915 100 $a20160324b20162016 |y | 101 0 $ager 135 $aur||||||||||| 181 $ctxt$2rdacontent 182 $cc$2rdamedia 183 $acr$2rdacarrier 200 00$aKriminalsoziologische Bibliografie 210 31$aTu?bingen$cUniversita?tsbibliothek$d[2016?] 215 $aOnline-Ressource 300 $aUrh. fru?her: Ludwig Boltzmann Institut fu?r Kriminalsoziologie 300 $a18.1991=H. 70/71 auf d. Umschlag als Jg. 15 bez.; 2x ja?hrl. 300 $aGesehen am 24.3.16 300 $aReproduktion 517 1 $aKB 608 $aZeitschrift$2gnd-content 608 $aBibliografie$2gnd-content 676 $a340 676 $a360 686 $a2,1$2ssgn 686 $aKRIM$qDE-21$2fid 801 0$b0021 801 1$bDE-101 801 2$b9999 906 $aJOURNAL 912 $a9910893853903321 996 $aKriminalsoziologische Bibliografie$94253193 997 $aUNINA LEADER 01724oas 2200625 a 450 001 9910895776903321 005 20260218112813.0 035 $a(DE-599)ZDB2224989-8 035 $a(OCoLC)313441814 035 $a(CONSER) 2009230662 035 $a(CKB)1000000000759647 035 $a(DE-599)2224989-8 035 $a(EXLCZ)991000000000759647 100 $a20090309a199u9999 ua a 101 0 $aeng 135 $aur||||||||||| 181 $ctxt$2rdacontent 182 $cc$2rdamedia 183 $acr$2rdacarrier 200 00$aCode of federal regulations$hTitle 29$iLabor 210 $aWashington, D.C. $cNational Archives and Records Administration 215 $avolumes $cdigital, PDF file 311 08$a2150-0169 517 1 $aLabor 606 $aLabor laws and legislation$zUnited States$vPeriodicals 606 $aLabor laws and legislation$2fast$3(OCoLC)fst00989967 607 $aUnited States$2fast$1https://id.oclc.org/worldcat/entity/E39PBJtxgQXMWqmjMjjwXRHgrq 608 $aPeriodicals.$2fast 608 $aPeriodicals.$2lcgft 615 0$aLabor laws and legislation 615 7$aLabor laws and legislation. 676 $a344 712 02$aUnited States.$bOffice of the Federal Register. 801 0$bGPO 801 1$bGPO 801 2$bGPO 801 2$bDLC 801 2$bOCLCQ 801 2$bGPO 801 2$bOCLCQ 801 2$bOCL 801 2$bOCLCF 801 2$bOCLCO 801 2$bOCLCQ 801 2$bGILDS 801 2$bOCLCO 801 2$bOCLCQ 801 2$bOCLCL 801 2$bCLU 801 2$bOCLCL 801 2$bOCLCQ 906 $aJOURNAL 912 $a9910895776903321 996 $aCode of federal regulations$93187075 997 $aUNINA